|
|
|
|
| LEADER |
00612nam a22001457a 4500 |
| 008 |
171017b xxu||||| |||| 00| 0 eng d |
| 082 |
|
|
|a 636.0896
|b TEJ/EC
|
| 100 |
|
|
|a Tejaswini K.G.
|d 15-MVM-055
|
| 245 |
|
|
|a Echocardiographic Evaluation of Malabari Goats with Haemoparasitic Diseases
|c Tejaswini K.G.
|
| 260 |
|
|
|a Mannuthy
|b Department of Veterinary Clinical Medicine, Ethics and Jurisprudence
|c 2017
|
| 300 |
|
|
|a 88
|
| 650 |
|
|
|2 Malabari Goats
|
| 942 |
|
|
|2 ddc
|c TH
|
| 999 |
|
|
|c 21921
|d 21921
|
| 952 |
|
|
|0 0
|1 0
|2 ddc
|4 0
|6 636_089600000000000_TEJEC
|7 0
|9 22072
|a COVAS
|b COVAS
|d 2017-10-17
|o 636.0896 TEJ/EC
|p TH1456
|r 2017-10-17
|w 2017-10-17
|y TH
|